Statistics for Countries with 3 Consecutive Consonants

Click here to take the quiz!

General Stats

  • This quiz has been taken 183 times
  • The average score is 10 of 20

Answer Stats

# COUNTRY % Correct
8Kyrgyzstan
81%
3Turkmenistan
75%
3Afghanistan
73%
4Kazakhstan
72%
3United Kingdom
59%
4Egypt
55%
3Liechtenstein
51%
3Australia
50%
4Cyprus
47%
3Seychelles
46%
3Saint Kitts and Nevis
44%
3Austria
42%
3Bangladesh
40%
3Marshall Islands
40%
3Netherlands
39%
3Syria
39%
3Central African Republic
32%
3Botswana
29%
3Solomon Islands
25%
3North Korea
24%

Score Distribution

Percentile by Number Answered

Percent of People with Each Score

Your Score History

You have not taken this quiz